Statistics for 人均GDP高于所有邻居的省区 Provinces with higher GDP/capita than all neighbours

Click here to take the quiz!

General Stats

  • This quiz has been taken 53 times
  • The average score is 5 of 8

Answer Stats

省区2022 人均GDP排名% Correct
上海1799075
100%
北京1903134
93%
湖北9205912
72%
澳门4032901
65%
香港3557012
63%
内蒙古9647411
57%
福建1268297
50%
新疆6855222
41%

Score Distribution

Percentile by Number Answered

Percent of People with Each Score

Your Score History

You have not taken this quiz